00510nam a2200145Ia 4500008004100000082001500041100001900056245003000075260002800105300000900133650000800142942001200150999001100162952019100173191201s2010 xx 000 0 und d a658.3bGUH aGUPTA,Shashi,K 0aHuman Resource Management aN. Delhibkalyanic2010 aMISC aBBA 2ddccBK c70d70 00102ddc40708BBAaPIETbPIETd2014-02-24eDonated by Parul Gupta MBAkDonated by Parul Gupta MBAl0o658.3 GUHp23020r2019-12-04 00:00:00w2014-02-21yBKzDonated by Parul Gupta MBA